| 000 | 00675cab a2200241 4500 | ||
|---|---|---|---|
| 001 | WB3324-28 | ||
| 008 | 090401t1997 xxu||||| |||| 00| 0 eng d | ||
| 035 | _a(Sirsi) u79051 | ||
| 041 | _aeng | ||
| 245 | _aHong Kong | ||
| 260 | _c1997 | ||
| 350 | _a0 | ||
| 490 |
_aFinancial Times _v"Survey" 16 June 1997, I-XVII(17) (LOAN) |
||
| 520 | _aA survey of Hong Kong as it approaches its return to China. Looks at the legacy of Britain and the challenges for China. | ||
| 650 | _aCHINA | ||
| 650 | _aFOREIGN POLICY | ||
| 650 | _aFT SURVEY | ||
| 650 | _aHONG KONG | ||
| 650 | _aPOLITICS | ||
| 690 | _aOVERSEAS-REST OF THE WORLD | ||
| 942 | _n0 | ||
| 948 | _c19/06/1997 | ||
| 999 |
_c49667 _d49667 |
||